Dialógy 2018 : Slovensko-Francúzsko

Salvato in:
Dettagli Bibliografici
Ente Autore: Dialógy 2018 = Dialogues 2018 : Slovensko-Francúzsko Galéria Umelka, Bratislava
Natura: Atti del Convegno Libro
Lingua:slovacco
francese
Pubblicazione: Bratislava : Fakulta architektúry STU v Bratislave a Conseil National Français des ARtes Plastiques, 2018
Edizione:1. vydanie
Soggetti:
Tags: Aggiungi Tag
Nessun Tag, puoi essere il primo ad aggiungerne!!

MARC

LEADER 00000nam a22000003a 4500
001 0109366
003 SK-STU
005 20240516102652.8
007 ta
008 240516s ----xo-----e------000-0-----d
020 |a 978-80-227-4787-5 
040 |a STU  |b slo 
041 0 |a slo  |a fre 
044 |a xo 
111 2 |a Dialógy 2018 = Dialogues 2018 : Slovensko-Francúzsko  |d 12. - 29.4.2018  |c Galéria Umelka, Bratislava 
245 1 0 |a Dialógy 2018 :  |b Slovensko-Francúzsko 
250 |a 1. vydanie 
260 |a Bratislava :  |b Fakulta architektúry STU v Bratislave a Conseil National Français des ARtes Plastiques,  |c 2018 
300 |a 52 s. 
650 0 7 |a výtvarné umenie 
650 0 7 |a výtvarníci slovenskí 
650 0 7 |a výtvarníci zahraniční 
650 0 7 |a tvoriví umelci 
650 0 7 |a Francúzsko 
996 |b 284AU09996  |c A* 13364/U  |l AAKNST  |s P  |a 0  |w 0109366_0001 
996 |b 284AU09997  |c A* 13365/U  |l AAKNAR  |s A  |a 24  |w 0109366_0002 
996 |b 284AU09998  |c A* 13366/U  |l AAKNAR  |s A  |a 24  |w 0109366_0003